La pneumatique - AII - Statistiques

Statistiques générales
  • Ce quiz a été pris 6 fois
  • Le résultat moyen est 11 sur 19
Statistiques - réponses
Réponse % Correct
2/1
100%
2/2
100%
3/2
100%
4/2
100%
4/3
100%
5/2
100%
bouton poussoir
50%
électrique et hydraulique
50%
électroaimant
50%
électropneumatique
50%
galet
50%
levier
50%
pédale
50%
plongeur
50%
ressort
50%
galet escamotable
0%
général
0%
hydraulique
0%
pneumatique
0%
Aucun quiz correspondant
Distribution des résultats
% des personnes avec chaque résultat
Percentile par nombre de réponses
Votre historique - résultats
Vous n’avez pas pris ce quiz